20 Regioni, 20 Città - Statistics

Statistiche generali
  • Questo quiz è stato fatto 98 volte
  • Il punteggio medio è 17 su 20
Statistiche sulle risposte
Città Regione % Corretto
LI Sanremo Liguria
99%
LA Civitavecchia Lazio
98%
LO Busto Arsizio Lombardia
96%
ER Imola Emilia-Romagna
95%
TO Empoli Toscana
95%
VA Courmayeur Valle d'Aosta
95%
CA Afragola Campania
93%
PU Manfredonia Puglia
91%
SI Taormina Sicilia
90%
VE Chioggia Veneto
88%
UM Spoleto Umbria
86%
CL Lamezia Terme Calabria
85%
MA Senigallia Marche
84%
MO Termoli Molise
83%
FV Codroipo Friuli-Venezia Giulia
80%
PM Collegno Piemonte
80%
TA Rovereto Trentino-Alto Adige
80%
AB Vasto Abruzzo
77%
SA Villacidro Sardegna
75%
BA Melfi Basilicata
74%
Nessun quiz corrispondente trovato
Distribuzione punteggi
Percentuale di utenti per punteggio
Percentile per numero di risposta
I tuoi punteggi nel tempo
Non hai fatto questo quiz